000 01142nam a2200325 i 4500
003 EG-GICUC
005 20260511143928.0
008 260511s1969 fr |||fr|||| 000 0 Fre d
040 _aEG-GiCUC
_bfre
_cEG-GiCUC
_dEG-GiCUC
_eRda
041 0 _afre
082 0 4 _a345.3243
_bDÉ . E
_221
092 0 4 _221
099 _aLaw 07 345.3243 DÉ . E 1969
100 1 _aDénoyer, Jean, François.
_eAuteur
245 2 0 _aL'Exploitation Du Domaine Public :
_nTome XCII /
_cPar Jean, François Dénoyer, Marcel Waline; Préface De Georges Vedel.
_b
264 1 _aParis :
_bLibrairie Generale De Droit Et De Jurisprudence,
_c1969.
300 _a223 Page ;
_c 24 cm.
336 _2rda contenu
_a texte
337 _2rda medias
_aOrdinateur
338 _2 transporteur rda
_a Ressource en ligne
490 _aBibliothéque De Droit Public
504 _aBibliography: pages 199-215
546 _aTexte en français
650 1 _aDroit Administratif
700 1 _aVedel, Georges.
_ePréfacier
700 1 _aWaline, Marcel
_eCo-Auteur
856 4 0 _uhttps://fll.law.cu.edu.eg/fulltext/bks/B07-06405.pdf
905 _a64
942 _2ddc
_n0
_cBK
_e21
999 _c76581
_d76581